The Dutch in Bengal and Bihar, 1740-1825 A.D. (Record no. 88191)

MARC details
000 -LEADER
fixed length control field 00777cam a2200265 4500
001 - CONTROL NUMBER
control field sa 68018118
003 - CONTROL NUMBER IDENTIFIER
control field DLC
005 - DATE AND TIME OF LATEST TRANSACTION
control field 20260227112708.0
008 - FIXED-LENGTH DATA ELEMENTS--GENERAL INFORMATION
fixed length control field 710503s1968 ii b 00100 eng
010 ## - LIBRARY OF CONGRESS CONTROL NUMBER
LC control number sa 68018118 //r842
025 ## - OVERSEAS ACQUISITION NUMBER
Overseas acquisition number PL480:I-E-11101
043 ## - GEOGRAPHIC AREA CODE
Geographic area code a-ii---
-- e-ne---
050 0# - LIBRARY OF CONGRESS CALL NUMBER
Classification number DS485.B48
Item number D29 1968
100 10 - MAIN ENTRY--PERSONAL NAME
Personal name Datta, Kalikinkar,
Dates associated with a name 1905-
245 04 - TITLE STATEMENT
Title The Dutch in Bengal and Bihar, 1740-1825 A.D.
250 ## - EDITION STATEMENT
Edition statement [2d rev. & enl. ed.]
260 0# - PUBLICATION, DISTRIBUTION, ETC.
Place of publication, distribution, etc. Delhi,
Name of publisher, distributor, etc. Motilal Banarsidass
Date of publication, distribution, etc. [1968]
300 ## - PHYSICAL DESCRIPTION
Extent 200 p.
Dimensions 22 cm.
350 ## - PRICE (NR) (BK AM CF MU VM SE) [OBSOLETE]
Price 10.00
504 ## - BIBLIOGRAPHY, ETC. NOTE
Bibliography, etc. note Bibliography: p. [181]-184.
651 #0 - SUBJECT ADDED ENTRY--GEOGRAPHIC NAME
Geographic name Bengal (India)
General subdivision History.
651 #0 - SUBJECT ADDED ENTRY--GEOGRAPHIC NAME
Geographic name Bihar (India)
General subdivision History.
651 #0 - SUBJECT ADDED ENTRY--GEOGRAPHIC NAME
Geographic name Netherlands
General subdivision Commerce
Geographic subdivision India.
651 #0 - SUBJECT ADDED ENTRY--GEOGRAPHIC NAME
Geographic name India
General subdivision Commerce
Geographic subdivision Netherlands.

No items available.

Powered by Koha